000 00569nam a2200193 i 4500
001 48273
003 ES-MaACL
005 20230906161725.0
007 t|
008 950711s1886 it ||||1| ita d
040 _aCAM
_bspa
_cCAM
100 1 _aChiminelli, Luigi.
_938525
245 1 0 _aDell'importanza ed utilitá della idrologia medica e balneoterapia /
_cLuigi Chiminelli.
250 _a2º ed. aum.
260 _aMilano :
_b[s.n.],
_c1886 (
_fTip. del Commercio)
300 _a46 p. ;
_c14 cm.
650 4 _aHidrología.
_9136223
852 _aES-MaACL
_jT-643-F-2
999 _c48273
_d48273